[Event "IND-chT 36th"]
[Site "Bhubaneswar"]
[Date "2016.02.13"]
[Round "8.1"]
[White "Deepan Chakkravarthy, J."]
[Black "Aansh, Gupta"]
[Result "1-0"]
[WhiteElo "2481"]
[BlackElo "2042"]
[PlyCount "63"]
[EventDate "2016.02.08"]
[EventType "team-swiss"]
[EventRounds "9"]
[EventCountry "IND"]
[SourceTitle "CBM 170 Extra"]
[Source "ChessBase"]
[SourceDate "2016.02.25"]
[SourceVersion "1"]
[SourceVersionDate "2016.02.25"]
[SourceQuality "1"]
[WhiteTeam "Railway Sports"]
[BlackTeam "Delhi"]
[WhiteTeamCountry "IND"]
[BlackTeamCountry "IND"]

1. g3 d5 2. Bg2 e5 3. c4 c6 4. Qc2 Nf6 5. d3 h6 6. Nf3 Bd6 7. 0-0 0-0 8. a3 Bf5 9. Nbd2 Bh7 10. c5 Bc7 11. e4 Qe7 12. b4 Rd8 13. Bb2 Nbd7 14. Rfe1 dxe4 15. dxe4 Ne8 16. Nc4 f6 17. Nh4 g6 18. Qc1 Kg7 19. f4 exf4 20. gxf4 Bg8 21. Ne3 Kh7 22. Ng4 h5 23. f5 g5 24. Ng6 Qg7 25. e5 hxg4 26. exf6 Ndxf6 27. Re7 Qxe7 28. Nxe7 Bf4 29. Qe1 Bf7 30. Ng6 Bxg6 31. Qe7+ Kg8 32. fxg6 1-0

[Event "IND-ch U13 29th"]
[Site "Gurgaon"]
[Date "2015.09.05"]
[Round "9"]
[White "Iniyan, Panneerseluam"]
[Black "Aansh, Gupta"]
[Result "1-0"]
[WhiteElo "2214"]
[BlackElo "1971"]
[PlyCount "57"]
[EventDate "2015.08.30"]
[EventType "swiss"]
[EventRounds "11"]
[EventCountry "IND"]
[SourceTitle "EXT 2016"]
[Source "ChessBase"]
[SourceDate "2015.10.08"]
[SourceVersion "1"]
[SourceVersionDate "2015.10.08"]
[SourceQuality "1"]

1. d4 d6 2. c4 Nd7 3. Nc3 e5 4. e3 Ngf6 5. Bd3 Be7 6. Nge2 0-0 7. 0-0 c6 8. b3 Re8 9. Bb2 Bf8 10. Qc2 a6 11. Ng3 g6 12. Rad1 Qe7 13. Ba3 h5 14. Nge4 Nxe4 15. Nxe4 c5 16. dxc5 Nxc5 17. Nc3 f5 18. Be2 Qf7 19. b4 Nd7 20. c5 dxc5 21. Nd5 b5 22. Nc7 cxb4 23. Nxe8 Qxe8 24. Bxb4 Bxb4 25. Qb3+ Kh7 26. Qxb4 Nf8 27. Rc1 Ra7 28. Qc5 Re7 29. Qxc8 1-0

[Event "IND-ch U13 29th"]
[Site "Gurgaon"]
[Date "2015.09.02"]
[Round "6"]
[White "Aansh, Gupta"]
[Black "Rahul, Srivatshav P"]
[Result "1-0"]
[WhiteElo "1971"]
[BlackElo "1980"]
[PlyCount "45"]
[EventDate "2015.08.30"]
[EventType "swiss"]
[EventRounds "11"]
[EventCountry "IND"]
[SourceTitle "EXT 2016"]
[Source "ChessBase"]
[SourceDate "2015.10.08"]
[SourceVersion "1"]
[SourceVersionDate "2015.10.08"]
[SourceQuality "1"]

1. Nf3 Nf6 2. b3 g6 3. Bb2 Bg7 4. e3 0-0 5. Be2 d6 6. 0-0 b6 7. d4 Bb7 8. c4 Nbd7 9. Nc3 c5 10. d5 a6 11. Qd2 Qc7 12. Rad1 Rad8 13. e4 Nb8 14. Ng5 Bc8 15. f4 e6 16. e5 Ne8 17. Nce4 dxe5 18. d6 Qa7 19. fxe5 Nc6 20. Qf4 Nd4 21. Bxd4 cxd4 22. Nxh7 f5 23. exf6 1-0

[Event "IND-ch U13 29th"]
[Site "Gurgaon"]
[Date "2015.09.02"]
[Round "5"]
[White "Panda, Sambit"]
[Black "Aansh, Gupta"]
[Result "0-1"]
[WhiteElo "1797"]
[BlackElo "1971"]
[PlyCount "72"]
[EventDate "2015.08.30"]
[EventType "swiss"]
[EventRounds "11"]
[EventCountry "IND"]
[SourceTitle "EXT 2016"]
[Source "ChessBase"]
[SourceDate "2015.10.08"]
[SourceVersion "1"]
[SourceVersionDate "2015.10.08"]
[SourceQuality "1"]

1. d4 b6 2. c4 Bb7 3. Nc3 Nf6 4. f3 d5 5. cxd5 Nxd5 6. e4 Nxc3 7. bxc3 e6 8. Bd3 Be7 9. Be3 0-0 10. Ne2 Nd7 11. 0-0 c5 12. Qe1 cxd4 13. cxd4 e5 14. Qc3 Rc8 15. Qb2 exd4 16. Bxd4 Bc5 17. Kh1 Bxd4 18. Nxd4 Nc5 19. Nf5 Qg5 20. Rfd1 Rc7 21. h4 Qf6 22. Qxf6 gxf6 23. Rac1 Bc8 24. Nd6 Be6 25. Bc4 Rd8 26. f4 Nxe4 27. Nxe4 Rxd1+ 28. Rxd1 Rxc4 29. Nxf6+ Kg7 30. Ne8+ Kf8 31. Rd8 Ke7 32. Ra8 Bd5 33. Rb8 Rc2 34. Ng7 Rxg2 35. Nf5+ Kd7 36. Ne3 Rg8+ 0-1

[Event "IND-ch U19 44th"]
[Site "Mumbai"]
[Date "2014.07.17"]
[Round "10"]
[White "Aansh, Gupta"]
[Black "Bhambure, Shantanu"]
[Result "1/2-1/2"]
[WhiteElo "1946"]
[BlackElo "2099"]
[PlyCount "119"]
[EventDate "2014.07.10"]
[EventType "swiss"]
[EventRounds "11"]
[EventCountry "IND"]
[SourceTitle "EXT 2016"]
[Source "ChessBase"]
[SourceDate "2015.10.08"]
[SourceVersion "1"]
[SourceVersionDate "2015.10.08"]
[SourceQuality "1"]

1. e4 c6 2. d4 d5 3. exd5 cxd5 4. c4 Nf6 5. Nc3 g6 6. Qb3 Bg7 7. cxd5 0-0 8. Be2 Na6 9. Bf3 Qb6 10. Qxb6 axb6 11. a3 Nb4 12. Bd1 Nfxd5 13. Nxd5 Nxd5 14. Ne2 Rd8 15. 0-0 Nb4 16. Bb3 Nc6 17. Be3 Nxd4 18. Nxd4 Bxd4 19. Rfd1 e5 20. Bxd4 exd4 21. Rac1 Rd6 22. Rd2 Bf5 23. Rc7 Bd7 24. f3 Rb8 25. Kf2 b5 26. Rc1 Bc6 27. Re1 Kf8 28. Bc2 Rbd8 29. Be4 Re8 30. Bxc6 Rxe1 31. Kxe1 bxc6 32. b4 Ke7 33. Kd1 Rd5 34. Kc2 c5 35. bxc5 Rxc5+ 36. Kd3 Rc3+ 37. Kxd4 Rxa3 38. Rb2 b4 39. Kc4 Rc3+ 40. Kxb4 Rc6 41. Kb3 Kd6 42. Rc2 Rxc2 43. Kxc2 Ke5 44. Kd3 f5 45. g3 g5 46. h3 h5 47. Ke2 Kd4 48. g4 fxg4 49. fxg4 hxg4 50. hxg4 Ke4 51. Kf2 Kf4 52. Kg1 Kg3 53. Kh1 Kf2 54. Kh2 Kf3 55. Kh3 Kf4 56. Kh2 Kxg4 57. Kg2 Kh4 58. Kh2 g4 59. Kg2 g3 60. Kg1 1/2-1/2

[Event "Wch U10"]
[Site "Maribor"]
[Date "2012.11.17"]
[Round "10.20"]
[White "Aansh, Gupta"]
[Black "Sidorov, Anton"]
[Result "0-1"]
[WhiteElo "1652"]
[BlackElo "1843"]
[PlyCount "96"]
[EventDate "2012.11.08"]
[EventType "swiss"]
[EventRounds "11"]
[EventCountry "SLO"]
[SourceTitle "EXT 2013"]
[Source "ChessBase"]
[SourceDate "2012.11.22"]
[SourceVersion "1"]
[SourceVersionDate "2012.11.22"]
[SourceQuality "1"]

1. e4 e6 2. d3 c5 3. Nf3 Nc6 4. g3 g6 5. Bg2 Bg7 6. Nbd2 d6 7. 0-0 Nge7 8. Re1 0-0 9. c3 Rb8 10. Nf1 b5 11. Ne3 b4 12. c4 f5 13. exf5 gxf5 14. Rb1 Qa5 15. Ra1 Qc7 16. Nc2 e5 17. Nh4 Bd7 18. Ne3 Nd4 19. Nd5 Nxd5 20. Bxd5+ Be6 21. Bxe6+ Nxe6 22. Qf3 Nd4 23. Qd5+ Qf7 24. Qxf7+ Kxf7 25. Rb1 Bf6 26. Be3 Bxh4 27. Bxd4 cxd4 28. gxh4 Kf6 29. f3 Rfe8 30. Kf2 Rbd8 31. Rbc1 Re6 32. Rc2 Rd7 33. b3 Rde7 34. Rce2 Kf7 35. Kg3 Ke8 36. Kh3 Kd7 37. Rg2 Kc6 38. Rg5 Rf6 39. Kg3 Rg6 40. Rxg6 hxg6 41. Re2 d5 42. cxd5+ Kxd5 43. h5 gxh5 44. Kh4 e4 45. Kxh5 exd3 46. Rd2 Re3 47. Kg5 Rxf3 48. Kh4 Ke4 0-1

[Event "Wch U10"]
[Site "Maribor"]
[Date "2012.11.11"]
[Round "4.25"]
[White "Aansh, Gupta"]
[Black "Sedykh, Egor"]
[Result "0-1"]
[WhiteElo "1652"]
[BlackElo "1821"]
[PlyCount "96"]
[EventDate "2012.11.08"]
[EventType "swiss"]
[EventRounds "11"]
[EventCountry "SLO"]
[SourceTitle "EXT 2013"]
[Source "ChessBase"]
[SourceDate "2012.11.22"]
[SourceVersion "1"]
[SourceVersionDate "2012.11.22"]
[SourceQuality "1"]

1. e4 c5 2. Nf3 d6 3. d4 cxd4 4. Nxd4 Nf6 5. Nc3 g6 6. Be3 Bg7 7. f3 0-0 8. Qd2 Nc6 9. g4 Nxd4 10. Bxd4 Be6 11. 0-0-0 Qa5 12. a3 Rfc8 13. h4 h5 14. gxh5 Nxh5 15. Bxg7 Kxg7 16. Rg1 Qe5 17. Rg5 Qf4 18. Qxf4 Nxf4 19. Ne2 Nxe2+ 20. Bxe2 Rh8 21. Rh1 Rh6 22. f4 f6 23. Rgg1 f5 24. Bf3 Rc8 25. Kd2 b6 26. h5 Rc5 27. hxg6 Rxg6 28. Bh5 Rxg1 29. Rxg1+ Kf8 30. Rg6 Bf7 31. Rg5 Bxh5 32. Rxh5 fxe4 33. Rxc5 bxc5 34. Ke3 d5 35. f5 Kf7 36. c4 e6 37. fxe6+ Kxe6 38. b4 cxb4 39. axb4 Ke5 40. cxd5 Kxd5 41. b5 Ke5 42. Ke2 Kd4 43. Kd2 Kc5 44. Ke3 Kxb5 45. Kxe4 Kc4 46. Ke3 Kc3 47. Ke2 a5 48. Kd1 Kb2 0-1